=LDR 00000nam 2200000 4500 =001 INLIS000000000008603 =005 20130612100444 =008 ***********************************Ind** =035 ##$$0010-061300000008603 =041 ##$$a Ind =082 ##$$a 297 =090 ##$$a 297, Sya p =100 ##$$a Syathi, Dintusy =245 ##$$a Putri - Putri Rasulullah S.A.W, Prof.Dintusy Syathi =260 ##$$a 1975 $b Jakatra =300 ##$$a 128 hlm, 21 cm =650 ##$$a Biorafi - Rosul